Normal view
MARC view
- ACCESS COOKBOOK
Entry Topical Term
001 - CONTROL NUMBER
- control field: 65262
003 - CONTROL NUMBER IDENTIFIER
- control field: NUST
005 - DATE AND TIME OF LATEST TRANSACTION
- control field: 20210628203416.0
008 - FIXED-LENGTH DATA ELEMENTS
- fixed length control field: 210628|| aca||aabn | a|a d
040 ## - CATALOGING SOURCE
- Original cataloging agency: NUST
- Transcribing agency: NUST
150 ## - HEADING--TOPICAL TERM
- Topical term or geographic name entry element: ACCESS COOKBOOK
670 ## - SOURCE DATA FOUND
- Source citation: Work cat.: (NUST): Getz ,Ken, Litwin, Paul, Baron, Andy 65261, Access cookbook, 2004
